Positive psychology and change: How leadership, collaboration and appreciative inquiry create transformational results (Record no. 23147)

MARC details
000 -LEADER
fixed length control field 00546nam a2200169Ia 4500
008 - FIXED-LENGTH DATA ELEMENTS--GENERAL INFORMATION
fixed length control field 230917s9999||||xx |||||||||||||| ||und||
020 ## - ISBN
Price USD39.95
040 ## - CATALOGING SOURCE
-- 241137
Original cataloging agency VIVEKANANDA LIBRARY
041 ## - Language
-- English
082 ## - DDC NUMBER
Classification number 658.4092 L588P
100 ## - MAIN ENTRY--PERSONAL NAME
Personal name Lewis, Sarah
245 #0 - TITLE STATEMENT
Title Positive psychology and change: How leadership, collaboration and appreciative inquiry create transformational results
260 ## - PUBLICATION, DISTRIBUTION, ETC. (IMPRINT)
Place of publication, distribution, etc Chichester
Name of publisher, distributor, etc Wiley Blackwell
Date of publication, distribution, etc 2016
300 ## - PHYSICAL DESCRIPTION
Pages xxiv, 245 p.
500 ## - GENERAL NOTE
General note 2772 13/07/2017 RBP17/66615 18/07/2017 Main Budget
942 ## - ADDED ENTRY ELEMENTS (KOHA)
Koha item type Books
Holdings
Withdrawn status Lost status Damaged status Not for loan Location (home branch) Sublocation or collection (holding branch) Date acquired Koha issues (times borrowed) Koha full call number Accession No. Koha date last seen Koha item type
        VIVEKANANDA LIBRARY VIVEKANANDA LIBRARY 22/08/2017 1 658.4092 L588P 370932 19/03/2025 Books
© Designed and Maintained by Vivekananda Library, MDU Rohtak